PRACTICAL GUIDE TO THE CARE OF THE GYNAECOLOGY/OBSTETRIC PATIENT / (Record no. 797492)

MARC details
000 -LEADER
fixed length control field 00501pam a2200181 a 4500
020 ## - INTERNATIONAL STANDARD BOOK NUMBER
International Standard Book Number 978323047081
Terms of availability 545.00
041 ## - LANGUAGE CODE
Language code of text/sound track or separate title eng
Language code of original NULL
082 ## - DEWEY DECIMAL CLASSIFICATION NUMBER
Classification number 618.2
Item number DAN
100 ## - MAIN ENTRY--PERSONAL NAME
Personal name DANAKAS, G.T.
245 ## - TITLE STATEMENT
Title PRACTICAL GUIDE TO THE CARE OF THE GYNAECOLOGY/OBSTETRIC PATIENT /
Statement of responsibility, etc. NULL.
Medium Textual Documents
250 ## - EDITION STATEMENT
Edition statement 2 ED/
Remainder of edition statement .
260 ## - PUBLICATION, DISTRIBUTION, ETC.
Place of publication, distribution, etc. NULL :
Name of publisher, distributor, etc. MOSBY ,
Date of publication, distribution, etc. 2008.
300 ## - PHYSICAL DESCRIPTION
Extent 635 : :
Other physical details XXIII ; ;
Dimensions A4 . +
Accompanying material PB.
365 ## - TRADE PRICE
Price type code 545.00
650 ## - SUBJECT ADDED ENTRY--TOPICAL TERM
Topical term or geographic name entry element OBST.GYNE
930 ## - EQUIVALENCE OR CROSS-REFERENCE-UNIFORM TITLE HEADING [LOCAL, CANADA]
Uniform title 2957
Holdings
Withdrawn status Lost status Damaged status Not for loan Collection Home library Current library Date acquired Source of acquisition Cost, normal purchase price Total Checkouts Full call number Barcode Date last seen Copy number Price effective from Koha item type
          Medical College & Hospital, Sangli Medical College & Hospital, Sangli 11/09/2008 B.M.S.G.B.PUNE 545.00   618.2 DAN MCS-6911 26/07/2023 1 26/07/2023 Book